<?xml version="1.0" encoding="UTF-8"?>
<record
    xmlns:xsi="http://www.w3.org/2001/XMLSchema-instance"
    xsi:schemaLocation="http://www.loc.gov/MARC21/slim http://www.loc.gov/standards/marcxml/schema/MARC21slim.xsd"
    xmlns="http://www.loc.gov/MARC21/slim">

  <leader>01558nam a22002657a 4500</leader>
  <controlfield tag="003">SEM</controlfield>
  <controlfield tag="005">20260323170506.0</controlfield>
  <controlfield tag="008">260316s2025    ai ||||gr||||||01|||arm|d</controlfield>
  <datafield tag="020" ind1=" " ind2=" ">
    <subfield code="a">9789939593586</subfield>
  </datafield>
  <datafield tag="040" ind1=" " ind2=" ">
    <subfield code="a">SEM</subfield>
    <subfield code="c">SEM</subfield>
  </datafield>
  <datafield tag="041" ind1=" " ind2=" ">
    <subfield code="a">arm</subfield>
  </datafield>
  <datafield tag="082" ind1=" " ind2=" ">
    <subfield code="a">281.62(09)/&#x540;-42</subfield>
  </datafield>
  <datafield tag="100" ind1=" " ind2=" ">
    <subfield code="a">&#x540;&#x561;&#x580;&#x578;&#x582;&#x569;&#x575;&#x578;&#x582;&#x576;&#x575;&#x561;&#x576;, &#x531;&#x57E;&#x565;&#x57F;&#x56B;&#x57D;</subfield>
    <subfield code="d">(1962 -)</subfield>
    <subfield code="q">(Harutyunyan, Avetis)</subfield>
  </datafield>
  <datafield tag="245" ind1=" " ind2=" ">
    <subfield code="a">&#x540;&#x561;&#x575; &#x563;&#x561;&#x572;&#x569;&#x561;&#x56F;&#x561;&#x576;&#x578;&#x582;&#x569;&#x575;&#x578;&#x582;&#x576;&#x576; &#x561;&#x57C;&#x561;&#x57B;&#x56B;&#x576; &#x561;&#x577;&#x56D;&#x561;&#x580;&#x570;&#x561;&#x574;&#x561;&#x580;&#x57F;&#x56B; &#x57F;&#x561;&#x580;&#x56B;&#x576;&#x565;&#x580;&#x56B;&#x576; &#x587; &#x540;&#x561;&#x575; &#x531;&#x57C;&#x561;&#x584;&#x565;&#x56C;&#x561;&#x56F;&#x561;&#x576; &#x57D;&#x578;&#x582;&#x580;&#x562; &#x565;&#x56F;&#x565;&#x572;&#x565;&#x581;&#x56B;&#x576; (1914-1917 &#x569;&#x569;) /</subfield>
    <subfield code="c">&#x531;&#x2024; &#x540;&#x561;&#x580;&#x578;&#x582;&#x569;&#x575;&#x578;&#x582;&#x576;&#x575;&#x561;&#x576; ; &#x53D;&#x574;&#x562;&#x2024;&#x55D; &#x53C;&#x2024; &#x531;&#x57E;&#x561;&#x563;&#x575;&#x561;&#x576; ; &#x53F;&#x561;&#x569;&#x578;&#x572;&#x56B;&#x56F;&#x578;&#x57D;&#x578;&#x582;&#x569;&#x575;&#x578;&#x582;&#x576; &#x531;&#x574;&#x565;&#x576;&#x561;&#x575;&#x576; &#x540;&#x561;&#x575;&#x578;&#x581;</subfield>
  </datafield>
  <datafield tag="246" ind1=" " ind2=" ">
    <subfield code="a">Armenian refugees during world war I and the Armenian Apostolic holy church (1914 -1917) /</subfield>
  </datafield>
  <datafield tag="247" ind1=" " ind2=" ">
    <subfield code="a">&#x410;&#x440;&#x43C;&#x44F;&#x43D;&#x441;&#x43A;&#x438;&#x435;  &#x431;&#x435;&#x436;&#x435;&#x43D;&#x446;&#x44B; &#x432; &#x433;&#x43E;&#x434;&#x44B; &#x43F;&#x435;&#x440;&#x432;&#x43E;&#x439; &#x43C;&#x438;&#x440;&#x43E;&#x432;&#x43E;&#x439; &#x432;&#x43E;&#x439;&#x43D;&#x44B; &#x438; &#x410;&#x440;&#x43C;&#x44F;&#x43D;&#x441;&#x43A;&#x430;&#x44F; &#x410;&#x43F;&#x43E;&#x441;&#x442;&#x43E;&#x43B;&#x44C;&#x441;&#x43A;&#x430;&#x44F;  &#x421;&#x432;&#x44F;&#x442;&#x430;&#x44F; &#x426;&#x435;&#x440;&#x43A;&#x43E;&#x432;&#x44C; (1914-1917) /</subfield>
  </datafield>
  <datafield tag="260" ind1=" " ind2=" ">
    <subfield code="a">&#x54D;&#x2024; &#x537;&#x57B;&#x574;&#x56B;&#x561;&#x56E;&#x56B;&#x576; &#x589;</subfield>
    <subfield code="b">&#x544;&#x561;&#x575;&#x580; &#x531;&#x569;&#x578;&#x57C; &#x54D;&#x578;&#x582;&#x580;&#x562; &#x537;&#x57B;&#x574;&#x56B;&#x561;&#x56E;&#x576;&#x56B; &#x570;&#x580;&#x561;&#x57F;&#x2024;,</subfield>
    <subfield code="c">2025&#x2024;</subfield>
  </datafield>
  <datafield tag="300" ind1=" " ind2=" ">
    <subfield code="a">455 &#x567;&#x57B; ;</subfield>
    <subfield code="c">25 &#x57D;&#x574;</subfield>
  </datafield>
  <datafield tag="504" ind1=" " ind2=" ">
    <subfield code="a">&#x555;&#x563;&#x57F;&#x561;&#x563;&#x578;&#x580;&#x56E;&#x57E;&#x561;&#x56E; &#x57D;&#x56F;&#x566;&#x562;&#x576;&#x561;&#x572;&#x562;&#x575;&#x578;&#x582;&#x580;&#x576;&#x565;&#x580;&#x56B; &#x587; &#x563;&#x580;&#x561;&#x56F;&#x561;&#x576;&#x578;&#x582;&#x569;&#x575;&#x561;&#x576; &#x581;&#x561;&#x576;&#x56F; &#x55D; &#x567;&#x57B; 436-454</subfield>
  </datafield>
  <datafield tag="650" ind1=" " ind2=" ">
    <subfield code="a">&#x540;&#x561;&#x575; &#x565;&#x56F;&#x565;&#x572;&#x565;&#x581;&#x578;&#x582; &#x57A;&#x561;&#x57F;&#x574;&#x578;&#x582;&#x569;&#x575;&#x578;&#x582;&#x576;</subfield>
    <subfield code="x">&#x540;&#x561;&#x575;&#x578;&#x581; &#x57A;&#x561;&#x57F;&#x574;&#x578;&#x582;&#x569;&#x575;&#x578;&#x582;&#x576;</subfield>
    <subfield code="x">&#x531;&#x57C;&#x561;&#x57B;&#x56B;&#x576; &#x561;&#x577;&#x56D;&#x561;&#x580;&#x570;&#x561;&#x574;&#x561;&#x580;&#x57F;</subfield>
  </datafield>
  <datafield tag="653" ind1=" " ind2=" ">
    <subfield code="a">&#x54D;&#x537;&#x544;</subfield>
  </datafield>
  <datafield tag="700" ind1=" " ind2=" ">
    <subfield code="a">&#x531;&#x57E;&#x561;&#x563;&#x575;&#x561;&#x576;, &#x53C;&#x2024;</subfield>
    <subfield code="e">&#x56D;&#x574;&#x562;&#x2024;</subfield>
    <subfield code="4">edt.</subfield>
  </datafield>
  <datafield tag="710" ind1=" " ind2=" ">
    <subfield code="a">&#x53F;&#x561;&#x569;&#x578;&#x572;&#x56B;&#x56F;&#x578;&#x57D;&#x578;&#x582;&#x569;&#x575;&#x578;&#x582;&#x576; &#x531;&#x574;&#x565;&#x576;&#x561;&#x575;&#x576; &#x540;&#x561;&#x575;&#x578;&#x581;</subfield>
  </datafield>
  <datafield tag="942" ind1=" " ind2=" ">
    <subfield code="2">ddc</subfield>
    <subfield code="c">BK</subfield>
    <subfield code="n">0</subfield>
  </datafield>
  <datafield tag="999" ind1=" " ind2=" ">
    <subfield code="c">77200</subfield>
    <subfield code="d">77200</subfield>
  </datafield>
  <datafield tag="952" ind1=" " ind2=" ">
    <subfield code="0">0</subfield>
    <subfield code="1">0</subfield>
    <subfield code="2">ddc</subfield>
    <subfield code="4">0</subfield>
    <subfield code="7">0</subfield>
    <subfield code="8">&#x533;&#x580;&#x561;&#x57A;&#x561;&#x570;&#x578;&#x581;</subfield>
    <subfield code="a">SEM</subfield>
    <subfield code="b">SEM</subfield>
    <subfield code="d">2026-03-16</subfield>
    <subfield code="i">37257</subfield>
    <subfield code="l">0</subfield>
    <subfield code="o">281.62(09)/&#x540;-42</subfield>
    <subfield code="p">37257</subfield>
    <subfield code="r">2026-03-16</subfield>
    <subfield code="w">2026-03-16</subfield>
    <subfield code="y">BK</subfield>
    <subfield code="z">&#x54D;&#x57A;&#x561;&#x57D;&#x561;&#x580;&#x56F;&#x57E;&#x578;&#x582;&#x574; &#x567; &#x568;&#x576;&#x569;&#x565;&#x580;&#x581;&#x561;&#x57D;&#x580;&#x561;&#x570;</subfield>
  </datafield>
  <datafield tag="952" ind1=" " ind2=" ">
    <subfield code="0">0</subfield>
    <subfield code="1">0</subfield>
    <subfield code="2">ddc</subfield>
    <subfield code="4">0</subfield>
    <subfield code="7">0</subfield>
    <subfield code="8">&#x551;&#x578;&#x582;&#x581;&#x561;&#x57D;&#x580;&#x561;&#x570;</subfield>
    <subfield code="a">SEM</subfield>
    <subfield code="b">SEM</subfield>
    <subfield code="d">2026-03-16</subfield>
    <subfield code="i">37258</subfield>
    <subfield code="l">0</subfield>
    <subfield code="o">281.62(09)/&#x540;-42</subfield>
    <subfield code="p">37258</subfield>
    <subfield code="r">2026-03-16</subfield>
    <subfield code="w">2026-03-16</subfield>
    <subfield code="y">BK</subfield>
    <subfield code="z">&#x549;&#x56B; &#x57D;&#x57A;&#x561;&#x57D;&#x561;&#x580;&#x56F;&#x57E;&#x578;&#x582;&#x574;</subfield>
  </datafield>
  <datafield tag="952" ind1=" " ind2=" ">
    <subfield code="0">0</subfield>
    <subfield code="1">0</subfield>
    <subfield code="2">ddc</subfield>
    <subfield code="4">0</subfield>
    <subfield code="7">0</subfield>
    <subfield code="8">&#x533;&#x580;&#x561;&#x57A;&#x561;&#x570;&#x578;&#x581;</subfield>
    <subfield code="a">SEM</subfield>
    <subfield code="b">SEM</subfield>
    <subfield code="d">2026-03-16</subfield>
    <subfield code="i">37259</subfield>
    <subfield code="l">0</subfield>
    <subfield code="o">281.62(09)/&#x540;-42</subfield>
    <subfield code="p">37259</subfield>
    <subfield code="r">2026-03-16</subfield>
    <subfield code="w">2026-03-16</subfield>
    <subfield code="y">BK</subfield>
    <subfield code="z">&#x54D;&#x57A;&#x561;&#x57D;&#x561;&#x580;&#x56F;&#x57E;&#x578;&#x582;&#x574; &#x567; 30 &#x585;&#x580;</subfield>
  </datafield>
  <datafield tag="952" ind1=" " ind2=" ">
    <subfield code="0">0</subfield>
    <subfield code="1">0</subfield>
    <subfield code="2">ddc</subfield>
    <subfield code="4">0</subfield>
    <subfield code="7">0</subfield>
    <subfield code="8">&#x533;&#x580;&#x561;&#x57A;&#x561;&#x570;&#x578;&#x581;</subfield>
    <subfield code="a">SEM</subfield>
    <subfield code="b">SEM</subfield>
    <subfield code="d">2026-03-16</subfield>
    <subfield code="i">37260</subfield>
    <subfield code="l">0</subfield>
    <subfield code="o">281.62(09)/&#x540;-42</subfield>
    <subfield code="p">37260</subfield>
    <subfield code="r">2026-03-16</subfield>
    <subfield code="w">2026-03-16</subfield>
    <subfield code="y">BK</subfield>
    <subfield code="z">&#x54D;&#x57A;&#x561;&#x57D;&#x561;&#x580;&#x56F;&#x57E;&#x578;&#x582;&#x574; &#x567; 30 &#x585;&#x580;</subfield>
  </datafield>
  <datafield tag="952" ind1=" " ind2=" ">
    <subfield code="0">0</subfield>
    <subfield code="1">0</subfield>
    <subfield code="2">ddc</subfield>
    <subfield code="4">0</subfield>
    <subfield code="7">0</subfield>
    <subfield code="8">&#x533;&#x580;&#x561;&#x57A;&#x561;&#x570;&#x578;&#x581;</subfield>
    <subfield code="a">SEM</subfield>
    <subfield code="b">SEM</subfield>
    <subfield code="d">2026-03-16</subfield>
    <subfield code="i">37261</subfield>
    <subfield code="l">0</subfield>
    <subfield code="o">281.62(09)/&#x540;-42</subfield>
    <subfield code="p">37261</subfield>
    <subfield code="r">2026-03-16</subfield>
    <subfield code="w">2026-03-16</subfield>
    <subfield code="y">BK</subfield>
    <subfield code="z">&#x54D;&#x57A;&#x561;&#x57D;&#x561;&#x580;&#x56F;&#x57E;&#x578;&#x582;&#x574; &#x567; 30 &#x585;&#x580;</subfield>
  </datafield>
  <datafield tag="952" ind1=" " ind2=" ">
    <subfield code="0">0</subfield>
    <subfield code="1">0</subfield>
    <subfield code="2">ddc</subfield>
    <subfield code="4">0</subfield>
    <subfield code="7">0</subfield>
    <subfield code="8">&#x533;&#x580;&#x561;&#x57A;&#x561;&#x570;&#x578;&#x581;</subfield>
    <subfield code="a">SEM</subfield>
    <subfield code="b">SEM</subfield>
    <subfield code="d">2026-03-31</subfield>
    <subfield code="g">3700.00</subfield>
    <subfield code="i">37271</subfield>
    <subfield code="l">0</subfield>
    <subfield code="o">281.62(09)/&#x540;-42</subfield>
    <subfield code="p">37271</subfield>
    <subfield code="r">2026-03-31</subfield>
    <subfield code="w">2026-03-31</subfield>
    <subfield code="y">BK</subfield>
    <subfield code="z">&#x54D;&#x57A;&#x561;&#x57D;&#x561;&#x580;&#x56F;&#x57E;&#x578;&#x582;&#x574; &#x567; 30 &#x585;&#x580;</subfield>
  </datafield>
</record>
